000 00321 a2200145 4500
001 50420
020 _a8526241788
040 _cAnchieta - Bela Vista
240 1 0 _aA garrafinha de turbulão
_lpor
245 1 0 _aA garrafinha de turbulão
300 _a48
362 0 _a2002
650 4 _aLiteratura juvenil
942 _cBK
999 _c50420
_d50420